[Event "DSIM-Finale"]
[Site "T#645894Emanuel Laske"]
[Date "2020.05.09"]
[Round "6"]
[White "Matthias Blübaum"]
[Black "Roven Vogel"]
[Result "1/2-1/2"]
[WhiteElo "1620"]
[BlackElo "2465"]
[Annotator "TA"]
[PlyCount "143"]
[EventDate "2020.05.09"]
[EventType "tourn (blitz)"]

{[%evp 18,143,29,23,30,24,30,15,19,22,34,22,22,22,16,0,0,-40,-26,-36,22,8,74,71,75,78,102,0,0,0,0,-38,0,0,0,0,0,0,0,-41,-39,-41,-26,-26,-29,-38,-27,-67,-51,-242,-239,-315,-276,-368,-360,-366,-359,-328,-254,-262,-103,-103,-103,-103,-40,-41,-40,-103,0,-103,-103,-103,-103,-103,-103,-103,-103,-103,-103,-323,-309,-309,-103,-103,-103,-293,-230,-272,-269,-249,-103,-117,-103,-103,-103,-103,-103,-257,0,-263,0,-103,-108,-110,0,-110,-110,-100,-75,-101,-75,-75,-75,-299,-110,-250,-247,-205,-75,-75,-75,-143,-75,-75,-75,-75,0,-83]} 1. d4 Nf6 2. c4 g6 3. Nc3 Bg7 4. e4 d6 5. h3 O-O 6. Be3 c5 7. d5 e6 8. Bd3 Na6 9. Nf3 exd5 10. exd5 Nb4 {E90: King's Indian: Classical: Early deviations and 6 h3.} 11. Be2 Bf5 {aiming for ...Nc2+.} 12. Rc1 $1 Re8 13. a3 Na6 {[#]} 14. O-O $146 ({Predecessor:} 14. Bd3 Ne4 15. Nxe4 Bxe4 16. Bxe4 Rxe4 17. Qc2 Qa5+ 18. Nd2 Rae8 19. O-O R4e7 20. Rfe1 {0-1 (44) Kowalski,I (2354)-Kislinsky,A (2460) Warsaw 2019}) 14... Ne4 15. Nxe4 Bxe4 16. Qd2 Qf6 17. b4 Qb2 $1 {[%cal Rc5b4]} 18. b5 Nc7 (18... Nb8 $15) 19. a4 $11 Bxf3 (19... Re7 $11 {keeps the balance.}) 20. Bxf3 $16 Qxd2 21. Bxd2 a5 22. b6 (22. g4 $16) 22... Na6 $11 23. Rfe1 Nb4 24. Kf1 Bd4 (24... Nd3 $5 {[%cal Re8e1]} 25. Rxe8+ Rxe8 $11) 25. Be4 Na2 26. Rc2 Nb4 27. Rcc1 Na2 28. Rcd1 (28. Rc2 $5 {[%cal Rc2a2]} Nb4 29. Rcc1 $11) 28... Bc3 29. Re3 Bxd2 30. Rxd2 Nb4 31. g4 Ra6 32. Rde2 Rxb6 33. Kg2 $2 ({Better is} 33. Rb3 $15) 33... Na6 $19 34. h4 Rb4 {[%mdl 64] Double Attack} 35. Bd3 Rxe3 36. Rxe3 {[%mdl 4096] Endgame KRB-KRN} Kf8 ({Don't do} 36... Rxa4 37. g5 $19) 37. h5 gxh5 38. gxh5 {intending h6.} h6 $2 (38... Rxa4 $19 {Threatens to win with ...Ra3.} 39. Rf3 Ra3) 39. Rf3 $17 Kg7 40. Rg3+ Kf6 (40... Kh8 $1 $17 41. Rf3 Kg7 42. Rg3+ Kf8) 41. Rf3+ $15 Ke7 42. Re3+ (42. Bg6 $1 $15 fxg6 43. hxg6 Rxc4 44. Rf7+ Ke8 45. f3) 42... Kf8 43. Rf3 $1 Rb3 44. Bc2 Rxf3 45. Kxf3 $17 {KB-KN} Ke7 46. Kg4 Kf6 {Hoping for ...Nb4.} 47. f4 Nc7 48. Bf5 $2 (48. Kf3 $17) 48... Na8 $19 49. Bc2 {[#]} Nb6 $2 (49... b5 $1 $19 {[%cal Rb5c4][%mdl 512]} 50. cxb5 (50. axb5 Nb6 $19) 50... Nb6) 50. Bb3 $17 Nd7 51. Bc2 $2 (51. Kf3 $17) 51... Ke7 52. Kf5 Nf6 53. Bd1 {[#] and the idea Bf3 leaves White hopeful.} Ne8 (53... b5 $1 $19 {[%cal Rb5c4][%mdl 512]} 54. axb5 Nd7) 54. Bc2 Ng7+ 55. Kg4 Kf6 56. Bd3 Ne8 57. Bc2 $2 (57. Kf3 $17) 57... Nc7 $2 (57... Kg7 $1 $19 58. Bd1 Nf6+ 59. Kf5 Nd7) 58. Bd3 $2 {[%mdl 8192] [#]} (58. Bf5 $1 $11 {and White has nothing to worry.}) 58... Na6 $2 (58... b5 $1 $19 {[%cal Rb5a4][%mdl 512]} 59. axb5 Na8) 59. Be4 (59. Bc2 $1 $11) 59... Nb8 60. Bf5 Na6 (60... Ke7 $1 $17 61. Bc2 Nd7) 61. Be4 (61. Bc2 $11) 61... Nb4 62. Bb1 b6 63. Kg3 Na6 64. Kg4 Nc7 65. Bf5 $2 (65. Kf3 $17 {is the only way for White.}) 65... Ne8 $2 (65... Ke7 $19 {has better winning chances.} 66. Be4 Na8) 66. Bc2 (66. Be4 $17) 66... Ke7 $19 67. Kf5 Ng7+ (67... Nf6 $19 {and Black stays clearly on top.} 68. Bd1 b5 $1 {[%mdl 512]} 69. axb5 Nd7) 68. Kg4 $17 Kd8 69. Bd3 {[#]} (69. Bd1 $142) 69... Kc7 ({Black should try} 69... b5 $1 {[%cal Rb5a4]} 70. cxb5 Kc7) 70. Bc2 Kd7 71. Bd3 Ke7 72. Bc2 $1 {Accuracy: White = 51%, Black = 63%.} 1/2-1/2

[Event "DSIM-Finale"]
[Site "T#645894Emanuel Laske"]
[Date "2020.05.09"]
[Round "6"]
[White "Rasmus Svane"]
[Black "Nikolas Lubbe"]
[Result "1/2-1/2"]
[WhiteElo "1620"]
[BlackElo "1620"]
[Annotator "NA"]
[PlyCount "171"]
[EventDate "2020.05.09"]
[EventType "tourn (blitz)"]

1. Nf3 {[%emt 0:00:01]} d5 {[%emt 0:00:00]} 2. g3 {[%emt 0:00:01]} Nf6 {[%emt 0:00:00]} 3. Bg2 {[%emt 0:00:01]} e6 {[%emt 0:00:00]} 4. O-O {[%emt 0:00:01]} Be7 {[%emt 0:00:00]} 5. c4 {[%emt 0:00:00]} O-O {[%emt 0:00:01]} 6. b3 {[%emt 0:00:00]} c5 {[%emt 0:00:02]} 7. cxd5 {[%emt 0:00:02]} Nxd5 {[%emt 0:00:03]} 8. Nc3 {[%emt 0:00:01]} Nxc3 {[%emt 0:00:03]} 9. dxc3 {[%emt 0:00:01]} Bf6 {[%emt 0:00:01]} 10. Qc2 {[%emt 0:00:04]} Nc6 {[%emt 0:00:02]} 11. Be3 {[%emt 0:00:23]} Qe7 {[%emt 0:00:09]} 12. Nd2 {[%emt 0:00:02]} e5 {[%emt 0:00:53]} 13. Rac1 {[%emt 0:00:24]} Bd7 {[%emt 0:00:15]} 14. Ne4 {[%emt 0:00:16]} b6 {[%emt 0:00:02]} 15. Rfd1 {[%emt 0:00:03]} Rfd8 {[%emt 0:00:07]} 16. Rd6 {[%emt 0:00:07]} Rac8 {[%emt 0:00:23]} 17. Rcd1 {[%emt 0:00:37]} Be8 {[%emt 0:00:10]} 18. Nxf6+ {[%emt 0:00:09]} gxf6 {[%emt 0:00:00]} 19. Rxd8 {[%emt 0:00:02]} Rxd8 {[%emt 0:00:04]} 20. Rxd8 {[%emt 0:00:01]} Nxd8 {[%emt 0:00:09]} 21. Be4 {[%emt 0:00:03]} h5 {[%emt 0:00:07]} 22. Bf3 {[%emt 0:00:07]} h4 {[%emt 0:00:19]} 23. Qf5 {[%emt 0:00:07]} Qe6 {[%emt 0:00:01]} 24. Qh5 {[%emt 0:00:06]} hxg3 {[%emt 0:00:08]} 25. hxg3 {[%emt 0:00:37]} Bd7 {[%emt 0:00:01]} 26. Kh2 {[%emt 0:00:26]} Qf5 {[%emt 0:00:11]} 27. Qh4 {[%emt 0:00:04]} Bc6 {[%emt 0:00:06]} 28. Bg4 {[%emt 0:00:02]} Qe4 {[%emt 0:00:05]} 29. Bf3 {[%emt 0:00:05]} Qf5 {[%emt 0:00:06]} 30. Bxc6 {[%emt 0:00:03]} Nxc6 {[%emt 0:00:01]} 31. Kg2 {[%emt 0:00:02]} Ne7 {[%emt 0:00:04]} 32. f3 {[%emt 0:00:01]} Ng6 {[%emt 0:00:10]} 33. Qe4 {[%emt 0:00:04]} Qxe4 {[%emt 0:00:01]} 34. fxe4 {[%emt 0:00:00]} Kf8 {[%emt 0:00:06]} 35. Kf3 {[%emt 0:00:01]} Ke7 {[%emt 0:00:02]} 36. Bf2 {[%emt 0:00:02]} Ke6 {[%emt 0:00:01]} 37. Ke3 {[%emt 0:00:01]} Ne7 {[%emt 0:00:05]} 38. Kd3 {[%emt 0:00:01]} f5 {[%emt 0:00:02]} 39. exf5+ {[%emt 0:00:06]} Nxf5 {[%emt 0:00:00]} 40. e4 {[%emt 0:00:01]} Nd6 {[%emt 0:00:01]} 41. g4 {[%emt 0:00:03]} f6 {[%emt 0:00:01]} 42. Be3 {[%emt 0:00:01]} a6 {[%emt 0:00:03]} 43. a4 {[%emt 0:00:01]} a5 {[%emt 0:00:02]} 44. Bf2 {[%emt 0:00:03]} Kd7 {[%emt 0:00:01]} 45. Bh4 {[%emt 0:00:01]} Ke6 {[%emt 0:00:01]} 46. g5 {[%emt 0:00:01]} f5 {[%emt 0:00:02]} 47. exf5+ {[%emt 0:00:06]} Kxf5 {[%emt 0:00:00]} 48. g6 {[%emt 0:00:01]} Kxg6 {[%emt 0:00:04]} 49. Bd8 {[%emt 0:00:01]} Nc8 {[%emt 0:00:15]} 50. Ke4 {[%emt 0:00:01]} Kf7 {[%emt 0:00:00]} 51. Kxe5 {[%emt 0:00:01]} Ke8 {[%emt 0:00:01]} 52. Bg5 {[%emt 0:00:02]} Kd7 {[%emt 0:00:00]} 53. Kd5 {[%emt 0:00:01]} Kc7 {[%emt 0:00:01]} 54. Bf4+ {[%emt 0:00:02]} Kb7 {[%emt 0:00:01]} 55. Ke6 {[%emt 0:00:01]} Na7 {[%emt 0:00:01]} 56. Kd6 {[%emt 0:00:05]} Nc6 {[%emt 0:00:02]} 57. Bg5 {[%emt 0:00:01]} Nb8 {[%emt 0:00:02]} 58. Bd2 {[%emt 0:00:02]} Na6 {[%emt 0:00:01]} 59. c4 {[%emt 0:00:02]} Nc7 {[%emt 0:00:01]} 60. Kd7 {[%emt 0:00:02]} Na6 {[%emt 0:00:02]} 61. Bc3 {[%emt 0:00:01]} Nb8+ {[%emt 0:00:01]} 62. Kd6 {[%emt 0:00:05]} Nc6 {[%emt 0:00:00]} 63. Kd5 {[%emt 0:00:02]} Kc7 {[%emt 0:00:01]} 64. Ke6 {[%emt 0:00:01]} Nd4+ {[%emt 0:00:02]} 65. Ke5 {[%emt 0:00:04]} Nxb3 {[%emt 0:00:01]} 66. Ke4 {[%emt 0:00:01]} Kc6 {[%emt 0:00:01]} 67. Kd3 {[%emt 0:00:02]} Kd6 {[%emt 0:00:01]} 68. Ke4 {[%emt 0:00:02]} Nc1 {[%emt 0:00:02]} 69. Ke3 {[%emt 0:00:02]} Na2 {[%emt 0:00:01]} 70. Bb2 {[%emt 0:00:03]} Nb4 {[%emt 0:00:02]} 71. Ke4 {[%emt 0:00:01]} Nc6 {[%emt 0:00:00]} 72. Bc3 {[%emt 0:00:01]} Ke6 {[%emt 0:00:02]} 73. Bb2 {[%emt 0:00:01]} Ne7 {[%emt 0:00:02]} 74. Bc1 {[%emt 0:00:03]} Nc8 {[%emt 0:00:01]} 75. Bf4 {[%emt 0:00:01]} Nd6+ {[%emt 0:00:01]} 76. Kd3 {[%emt 0:00:01]} Kd7 {[%emt 0:00:00]} 77. Be5 {[%emt 0:00:04]} Nf7 {[%emt 0:00:02]} 78. Bf4 {[%emt 0:00:01]} Ke6 {[%emt 0:00:02]} 79. Bc7 {[%emt 0:00:01]} Ne5+ {[%emt 0:00:01]} 80. Kc3 {[%emt 0:00:00]} Nd7 {[%emt 0:00:00]} 81. Kd3 {[%emt 0:00:02]} Kf5 {[%emt 0:00:01]} 82. Bd8 {[%emt 0:00:01]} Ke5 {[%emt 0:00:03]} 83. Bc7+ {[%emt 0:00:01]} Ke6 {[%emt 0:00:01]} 84. Ke4 {[%emt 0:00:02]} Nf6+ {[%emt 0:00:02]} 85. Kd3 {[%emt 0:00:01]} Nd7 {[%emt 0:00:03]} 86. Ke4 {[%emt 0:00:01] Nikolas Lubbe bietet Remis (Lag: Av=0.27s, max=3.4s)} 1/2-1/2

[Event "DSIM-Finale"]
[Site "T#645894Emanuel Laske"]
[Date "2020.05.09"]
[Round "7"]
[White "Roven Vogel"]
[Black "Christian Braun"]
[Result "1-0"]
[WhiteElo "2465"]
[BlackElo "2637"]
[Annotator "TA"]
[PlyCount "77"]
[EventDate "2020.05.09"]
[EventType "tourn (blitz)"]

{[%evp 23,77,38,44,29,51,52,40,47,61,14,98,83,91,90,92,65,109,109,104,107,102,73,79,0,0,3,8,-117,387,386,257,218,225,227,236,239,225,0,281,284,485,493,497,483,657,367,519,510,498,491,456,489,647,624,688,668]} 1. Nf3 Nf6 2. c4 c5 3. Nc3 g6 4. d4 cxd4 5. Nxd4 Bg7 6. e4 d6 7. Be2 Nc6 8. Be3 O-O 9. O-O Nxd4 10. Bxd4 Bd7 11. Qd2 Bc6 12. Bd3 a5 13. Rae1 {[%cal Ba1e1,Be1e3,Be3a3][%mdl 32] B38: Sicilian: Maroczy Bind with 5...Bg7 and 7...0-0.} Nd7 14. Bxg7 Kxg7 15. Re3 {White is slightly better.} h6 {[#]} 16. Nd5 $146 ({Predecessor:} 16. b3 Nf6 17. Be2 Qb6 18. Nd5 Bxd5 19. exd5 Rfe8 20. Re1 Qb4 21. Qc1 e5 22. dxe6 Rxe6 {½-½ (47) Loiseau,Q (2417)-Maze,S (2612) Nimes 2018}) 16... Bxd5 (16... e5 $11 {remains equal.}) 17. exd5 $16 ({Much worse is} 17. cxd5 Qb6 $11) 17... Nf6 18. Rfe1 Re8 19. Bc2 $40 {[%mdl 128] White has some attack.} a4 20. Ra3 Qd7 21. Qb4 {[%cal Rc2a4]} Qg4 22. Bxa4 Rec8 23. Bd1 (23. Bb3 $16) 23... Qd4 $11 24. Rxa8 Rxa8 25. Bb3 (25. Qb3 $11 {keeps the balance.}) 25... Nxd5 $2 {[%mdl 8192]} (25... Qxb2 $17 {keeps the pressure on.} 26. Qb5 {[#]} Ne4 $1 {[%mdl 512]}) 26. Qxb7 $18 {[%mdl 64] [#] Double Attack} Nb6 27. Rd1 Qc5 28. Qxe7 Nxc4 29. Qe4 Nb6 30. Qe7 $2 ({White should try} 30. h4 $18) 30... Rf8 $2 {[%mdl 8192]} (30... Nc4 $1 $11 {and Black stays safe.}) 31. Qxd6 ({Resist} 31. Rxd6 $6 Qc1+ 32. Rd1 Qxb2 $18) 31... Qb5 $2 (31... Qxd6 32. Rxd6 Rb8) 32. Qd4+ Kh7 33. h4 h5 34. Qd3 Qc5 (34... Qxd3 {was worth a try.} 35. Rxd3 Kg7) 35. Qd6 {White is clearly winning.} Qxd6 36. Rxd6 Nc8 37. Rd7 Kg7 38. a4 Nb6 39. Rb7 {Accuracy: White = 56%, Black = 44%.} 1-0

[Event "DSIM-Finale"]
[Site "T#645894Emanuel Laske"]
[Date "2020.05.09"]
[Round "7"]
[White "Lizzy Paehtz"]
[Black "Rasmus Svane"]
[Result "1-0"]
[WhiteElo "2427"]
[BlackElo "1620"]
[PlyCount "115"]
[EventDate "2020.05.09"]
[EventType "tourn (blitz)"]

1. d4 {[%emt 0:00:03]} d5 {[%emt 0:00:01]} 2. Bf4 {[%emt 0:00:02]} Nf6 {[%emt 0:00:01]} 3. e3 {[%emt 0:00:01]} e6 {[%emt 0:00:01]} 4. Nf3 {[%emt 0:00:03]} Bd6 {[%emt 0:00:00]} 5. Bg3 {[%emt 0:00:02]} O-O {[%emt 0:00:01]} 6. Nbd2 {[%emt 0:00:01]} c5 {[%emt 0:00:01]} 7. c3 {[%emt 0:00:11]} Qc7 {[%emt 0:00:01]} 8. Ne5 {[%emt 0:00:01]} Nc6 {[%emt 0:00:02]} 9. f4 {[%emt 0:00:01]} Ne7 {[%emt 0:00:01]} 10. Bd3 {[%emt 0:00:01]} Nf5 {[%emt 0:00:04]} 11. Bf2 {[%emt 0:00:02]} Be7 {[%emt 0:00:01]} 12. O-O {[%emt 0:00:02]} b6 {[%emt 0:00:01]} 13. Qf3 {[%emt 0:00:05]} Nd6 {[%emt 0:00:05]} 14. Rad1 {[%emt 0:00:11]} Bb7 {[%emt 0:00:02]} 15. Bh4 {[%emt 0:00:01]} Rae8 {[%emt 0:00:16]} 16. Bxf6 {[%emt 0:00:03]} Bxf6 {[%emt 0:00:03]} 17. g4 {[%emt 0:00:06]} Bd8 {[%emt 0:00:45]} 18. g5 {[%emt 0:00:04]} f5 {[%emt 0:00:12]} 19. Qh5 {[%emt 0:00:23]} g6 {[%emt 0:00:09]} 20. Qf3 {[%emt 0:00:02]} Qg7 {[%emt 0:00:10]} 21. h4 {[%emt 0:00:02]} h5 {[%emt 0:00:06]} 22. gxh6 {[%emt 0:00:07]} Qxh6 {[%emt 0:00:01]} 23. Rf2 {[%emt 0:00:02]} Re7 {[%emt 0:00:36]} 24. Rh2 {[%emt 0:00:04]} Rg7 {[%emt 0:00:02]} 25. Kh1 {[%emt 0:00:01]} Bf6 {[%emt 0:00:08]} 26. Rg1 {[%emt 0:00:02]} Ne4 {[%emt 0:00:04]} 27. Bxe4 {[%emt 0:00:02]} dxe4 {[%emt 0:00:01]} 28. Qe2 {[%emt 0:00:07]} Kh7 {[%emt 0:00:06]} 29. Rg5 {[%emt 0:00:01]} Bxe5 {[%emt 0:00:50]} 30. dxe5 {[%emt 0:00:06]} Rh8 {[%emt 0:00:01]} 31. Qg2 {[%emt 0:00:06]} Kg8 {[%emt 0:00:03]} 32. Nc4 {[%emt 0:00:03]} Ba6 {[%emt 0:00:03]} 33. Nd6 {[%emt 0:00:01]} Kf8 {[%emt 0:00:02]} 34. Qc2 {[%emt 0:00:05]} Bd3 {[%emt 0:00:05]} 35. Qa4 {[%emt 0:00:01]} Kg8 {[%emt 0:00:00]} 36. Qc6 {[%emt 0:00:05]} Be2 {[%emt 0:00:03]} 37. Qc8+ {[%emt 0:00:04]} Kh7 {[%emt 0:00:01]} 38. Qxe6 {[%emt 0:00:01]} Bf3+ {[%emt 0:00:00]} 39. Kg1 {[%emt 0:00:02]} Rd8 {[%emt 0:00:01]} 40. Kf2 {[%emt 0:00:07]} Rdd7 {[%emt 0:00:02]} 41. Kg3 {[%emt 0:00:04]} Rd8 {[%emt 0:00:01]} 42. Ne8 {[%emt 0:00:02]} Bh5 {[%emt 0:00:09]} 43. Nf6+ {[%emt 0:00:14]} Kh8 {[%emt 0:00:01]} 44. Nxh5 {[%emt 0:00:04]} Qxh5 {[%emt 0:00:06]} 45. Rxh5+ {[%emt 0:00:09]} gxh5+ {[%emt 0:00:00]} 46. Kh3 {[%emt 0:00:02]} Rd3 {[%emt 0:00:00]} 47. Qe8+ {[%emt 0:00:05]} Kh7 {[%emt 0:00:01]} 48. Qxh5+ {[%emt 0:00:03]} Kg8 {[%emt 0:00:00]} 49. Re2 {[%emt 0:00:05]} Rd1 {[%emt 0:00:02]} 50. Qxf5 {[%emt 0:00:11]} Rh1+ {[%emt 0:00:02]} 51. Rh2 {[%emt 0:00:01]} Rhg1 {[%emt 0:00:00]} 52. h5 {[%emt 0:00:06]} R1g3+ {[%emt 0:00:02]} 53. Kh4 {[%emt 0:00:01]} Rg1 {[%emt 0:00:01]} 54. h6 {[%emt 0:00:02]} R7g6 {[%emt 0:00:00]} 55. Kh5 {[%emt 0:00:02]} Kh7 {[%emt 0:00:04]} 56. Qf7+ {[%emt 0:00:02]} Kh8 {[%emt 0:00:01]} 57. e6 {[%emt 0:00:01]} R6g2 {[%emt 0:00:03]} 58. Rxg2 {[%emt 0:00:09] Rasmus Svane gibt auf (Lag: Av=0.28s, max=0.8s)} 1-0

[Event "DSIM-Finale"]
[Site "T#645894Emanuel Laske"]
[Date "2020.05.09"]
[Round "7"]
[White "Daniel Hausrath"]
[Black "Matthias Blübaum"]
[Result "0-1"]
[WhiteElo "1620"]
[BlackElo "1620"]
[Annotator "NA"]
[PlyCount "66"]
[EventDate "2020.05.09"]
[EventType "tourn (blitz)"]

1. Nf3 {[%emt 0:00:02]} d5 {[%emt 0:00:01]} 2. g3 {[%emt 0:00:01]} Nc6 {[%emt 0:00:02]} 3. d4 {[%emt 0:00:02]} Bf5 {[%emt 0:00:01]} 4. Bg2 {[%emt 0:00:01]} Nb4 {[%emt 0:00:01]} 5. Na3 {[%emt 0:00:01]} e6 {[%emt 0:00:01]} 6. O-O {[%emt 0:00:01]} Be7 {[%emt 0:00:01]} 7. c4 {[%emt 0:00:07]} c6 {[%emt 0:00:01]} 8. Bd2 {[%emt 0:00:05]} a5 {[%emt 0:00:08]} 9. Qb3 {[%emt 0:00:05]} Nf6 {[%emt 0:00:04]} 10. c5 {[%emt 0:00:02]} b6 {[%emt 0:00:17]} 11. cxb6 {[%emt 0:00:15]} Qxb6 {[%emt 0:00:03]} 12. Rfc1 {[%emt 0:00:01]} O-O {[%emt 0:00:09]} 13. e3 {[%emt 0:00:24]} Rfc8 {[%emt 0:00:06]} 14. Ne5 {[%emt 0:00:02]} c5 {[%emt 0:00:12]} 15. dxc5 {[%emt 0:00:05]} Bxc5 {[%emt 0:00:00]} 16. Qa4 {[%emt 0:00:09]} Qd6 {[%emt 0:00:29]} 17. Bc3 {[%emt 0:00:16]} Ne4 {[%emt 0:00:27]} 18. Bd4 {[%emt 0:00:03]} f6 {[%emt 0:00:01]} 19. Nd7 {[%emt 0:00:20]} Bxd4 {[%emt 0:00:06]} 20. exd4 {[%emt 0:00:02]} e5 {[%emt 0:00:06]} 21. Nc5 {[%emt 0:00:45]} Nxc5 {[%emt 0:00:02]} 22. dxc5 {[%emt 0:00:01]} Rxc5 {[%emt 0:00:00]} 23. Nb5 {[%emt 0:00:06]} Qb6 {[%emt 0:00:18]} 24. Rxc5 {[%emt 0:00:09]} Qxc5 {[%emt 0:00:00]} 25. a3 {[%emt 0:00:02]} Nd3 {[%emt 0:00:04]} 26. Nc7 {[%emt 0:00:07]} Qxf2+ {[%emt 0:00:19]} 27. Kh1 {[%emt 0:00:01]} Rd8 {[%emt 0:00:11]} 28. Nxd5 {[%emt 0:00:04]} Qc5 {[%emt 0:00:11]} 29. h3 {[%emt 0:00:09]} Be6 {[%emt 0:00:14]} 30. Qc6 {[%emt 0:00:06]} Qxd5 {[%emt 0:00:08]} 31. Bxd5 {[%emt 0:00:04]} Bxd5+ {[%emt 0:00:00]} 32. Qxd5+ {[%emt 0:00:01]} Rxd5 {[%emt 0:00:00]} 33. Rd1 {[%emt 0:00:01]} Nf2+ {[%emt 0:00:01] Daniel Hausrath gibt auf (Lag: Av=0.21s, max=0.3s)} 0-1

[Event "DSIM-Finale"]
[Site "T#645894Emanuel Laske"]
[Date "2020.05.09"]
[Round "7"]
[White "Ilja Schneider"]
[Black "Vincent Keymer"]
[Result "0-1"]
[WhiteElo "1620"]
[BlackElo "2243"]
[PlyCount "104"]
[EventDate "2020.05.09"]
[EventType "tourn (blitz)"]

1. d4 {[%emt 0:00:02]} Nf6 {[%emt 0:00:01]} 2. Bg5 {[%emt 0:00:04]} d5 {[%emt 0:00:02]} 3. e3 {[%emt 0:00:01]} c5 {[%emt 0:00:02]} 4. c3 {[%emt 0:00:01]} Nc6 {[%emt 0:00:02]} 5. Nd2 {[%emt 0:00:01]} e6 {[%emt 0:00:08]} 6. Ngf3 {[%emt 0:00:02]} Be7 {[%emt 0:00:03]} 7. Bd3 {[%emt 0:00:02]} b6 {[%emt 0:00:10]} 8. O-O {[%emt 0:00:03]} Bb7 {[%emt 0:00:01]} 9. Qe2 {[%emt 0:00:01]} O-O {[%emt 0:00:07]} 10. Ba6 {[%emt 0:00:03]} Bxa6 {[%emt 0:00:04]} 11. Qxa6 {[%emt 0:00:00]} h6 {[%emt 0:00:00]} 12. Bh4 {[%emt 0:00:02]} Qc8 {[%emt 0:00:02]} 13. Qxc8 {[%emt 0:00:03]} Rfxc8 {[%emt 0:00:00]} 14. Rfd1 {[%emt 0:00:01]} g5 {[%emt 0:00:09]} 15. Bg3 {[%emt 0:00:01]} b5 {[%emt 0:00:02]} 16. dxc5 {[%emt 0:00:35]} Bxc5 {[%emt 0:00:00]} 17. a4 {[%emt 0:00:01]} a6 {[%emt 0:00:16]} 18. Ne5 {[%emt 0:00:12]} Nxe5 {[%emt 0:00:07]} 19. Bxe5 {[%emt 0:00:00]} Nd7 {[%emt 0:00:00]} 20. Bd4 {[%emt 0:00:11]} Bxd4 {[%emt 0:00:12]} 21. exd4 {[%emt 0:00:01]} b4 {[%emt 0:00:01]} 22. Rdc1 {[%emt 0:00:11]} bxc3 {[%emt 0:00:04]} 23. bxc3 {[%emt 0:00:14]} Rab8 {[%emt 0:00:02]} 24. Kf1 {[%emt 0:00:09]} Rb2 {[%emt 0:00:05]} 25. Ke1 {[%emt 0:00:01]} Nb6 {[%emt 0:00:06]} 26. Rcb1 {[%emt 0:00:40]} Rxb1+ {[%emt 0:00:14]} 27. Nxb1 {[%emt 0:00:00]} Nc4 {[%emt 0:00:11]} 28. Nd2 {[%emt 0:00:18]} Nb2 {[%emt 0:00:12]} 29. Ra3 {[%emt 0:00:06]} Kg7 {[%emt 0:00:10]} 30. Ke2 {[%emt 0:00:06]} Kg6 {[%emt 0:00:04]} 31. a5 {[%emt 0:00:05]} Nc4 {[%emt 0:00:18]} 32. Nxc4 {[%emt 0:00:09]} Rxc4 {[%emt 0:00:00]} 33. Kd3 {[%emt 0:00:02]} h5 {[%emt 0:00:04]} 34. Ra2 {[%emt 0:00:09]} g4 {[%emt 0:00:06]} 35. Ra1 {[%emt 0:00:02]} Kf5 {[%emt 0:00:04]} 36. Ra2 {[%emt 0:00:02]} f6 {[%emt 0:00:02]} 37. Ra1 {[%emt 0:00:02]} e5 {[%emt 0:00:06]} 38. dxe5 {[%emt 0:00:07]} fxe5 {[%emt 0:00:00]} 39. Ra2 {[%emt 0:00:02]} h4 {[%emt 0:00:09]} 40. g3 {[%emt 0:00:11]} h3 {[%emt 0:00:02]} 41. Ra1 {[%emt 0:00:03]} Rc5 {[%emt 0:00:05]} 42. Ra2 {[%emt 0:00:01]} Rb5 {[%emt 0:00:02]} 43. Ke3 {[%emt 0:00:11]} Rb3 {[%emt 0:00:04]} 44. Kd3 {[%emt 0:00:03]} Rb1 {[%emt 0:00:03]} 45. Ke3 {[%emt 0:00:03]} Re1+ {[%emt 0:00:02]} 46. Re2 {[%emt 0:00:03]} Rxe2+ {[%emt 0:00:09]} 47. Kxe2 {[%emt 0:00:00]} Ke4 {[%emt 0:00:01]} 48. f3+ {[%emt 0:00:03]} gxf3+ {[%emt 0:00:02]} 49. Kf2 {[%emt 0:00:00]} Kd3 {[%emt 0:00:00]} 50. g4 {[%emt 0:00:01]} e4 {[%emt 0:00:03]} 51. g5 {[%emt 0:00:01]} e3+ {[%emt 0:00:01]} 52. Kxf3 {[%emt 0:00:01]} e2 {[%emt 0:00:01] Ilja Schneider gibt auf (Lag: Av=0.70s, max=1.2s)} 0-1

[Event "DSIM-Finale"]
[Site "T#645894Emanuel Laske"]
[Date "2020.05.09"]
[Round "7"]
[White "Jonas Eilenberg"]
[Black "Alex Donchenko"]
[Result "0-1"]
[WhiteElo "1620"]
[BlackElo "1697"]
[Annotator "NA"]
[PlyCount "74"]
[EventDate "2020.05.09"]
[EventType "tourn (blitz)"]

1. d4 {[%emt 0:00:02]} Nf6 {[%emt 0:00:01]} 2. Nf3 {[%emt 0:00:01]} d5 {[%emt 0:00:01]} 3. e3 {[%emt 0:00:01]} c5 {[%emt 0:00:01]} 4. c3 {[%emt 0:00:01]} e6 {[%emt 0:00:05]} 5. Bd3 {[%emt 0:00:03]} b6 {[%emt 0:00:01]} 6. O-O {[%emt 0:00:02]} Bb7 {[%emt 0:00:01]} 7. Nbd2 {[%emt 0:00:01]} Be7 {[%emt 0:00:07]} 8. Ne5 {[%emt 0:00:04]} O-O {[%emt 0:00:02]} 9. f4 {[%emt 0:00:02]} Ne4 {[%emt 0:00:04]} 10. Nxe4 {[%emt 0:00:30]} dxe4 {[%emt 0:00:00]} 11. Bc4 {[%emt 0:00:01]} Bd5 {[%emt 0:00:06]} 12. Bxd5 {[%emt 0:00:07]} exd5 {[%emt 0:00:04]} 13. Qg4 {[%emt 0:00:08]} Qc8 {[%emt 0:00:09]} 14. Qg3 {[%emt 0:00:51]} f6 {[%emt 0:00:19]} 15. Ng4 {[%emt 0:00:03]} Nc6 {[%emt 0:00:03]} 16. Bd2 {[%emt 0:00:15]} Bd6 {[%emt 0:00:14]} 17. Rac1 {[%emt 0:00:28]} c4 {[%emt 0:00:04]} 18. Rce1 {[%emt 0:00:13]} Ne7 {[%emt 0:00:04]} 19. Nf2 {[%emt 0:00:14]} b5 {[%emt 0:00:03]} 20. Nd1 {[%emt 0:00:10]} a5 {[%emt 0:00:03]} 21. Qf2 {[%emt 0:00:02]} b4 {[%emt 0:00:04]} 22. h3 {[%emt 0:00:03]} Rb8 {[%emt 0:00:07]} 23. g4 {[%emt 0:00:03]} bxc3 {[%emt 0:00:03]} 24. Bxc3 {[%emt 0:00:04]} a4 {[%emt 0:00:04]} 25. Qg2 {[%emt 0:00:07]} a3 {[%emt 0:00:11]} 26. bxa3 {[%emt 0:00:08]} Bxa3 {[%emt 0:00:16]} 27. Re2 {[%emt 0:00:02]} Rb1 {[%emt 0:00:12]} 28. Nf2 {[%emt 0:00:02]} Qb7 {[%emt 0:00:02]} 29. Rxb1 {[%emt 0:00:03]} Qxb1+ {[%emt 0:00:00]} 30. Kh2 {[%emt 0:00:01]} Rb8 {[%emt 0:00:05]} 31. h4 {[%emt 0:00:01]} Bd6 {[%emt 0:00:18]} 32. Kh3 {[%emt 0:00:04]} Qc1 {[%emt 0:00:09]} 33. Bd2 {[%emt 0:00:04]} Qc2 {[%emt 0:00:01]} 34. Bb4 {[%emt 0:00:03]} Qxe2 {[%emt 0:00:03]} 35. Bxd6 {[%emt 0:00:01]} Rb2 {[%emt 0:00:03]} 36. Bxe7 {[%emt 0:00:03]} Qxf2 {[%emt 0:00:01]} 37. a4 {[%emt 0:00:00]} Qxg2# {[%emt 0:00:01] (Lag: Av=0.72s, max=1.4s)} 0-1